| 000 | 00937nam a2200277 i 4500 | ||
|---|---|---|---|
| 001 | bg | ||
| 100 | 1 | _aGraczyk, Tadeusz. | |
| 245 | 1 | 0 |
_aZagadnienia projektowania na przykładzie bezzałogowych pojazdów głębinowych / _cTadeusz Graczyk. |
| 260 |
_aPoznań : _bWydawnictwo Politechniki Poznańskiej, _c2008. |
||
| 300 |
_a173, [2] s. : _bil. (w tym kolor.) ; _c24 cm. |
||
| 490 | 1 |
_aRozprawy / Politechnika Poznańska, _x0551-6528 ; _vnr 421 |
|
| 504 | _aBibliogr. s. 149-170. | ||
| 546 | _aStreszcz. ang., niem. | ||
| 650 | 9 |
_aBatytechnika _xurządzenia _xprojekty |
|
| 650 | 9 |
_aSterowanie zdalne _xurządzenia _xprojekty |
|
| 830 | 0 |
_aRozprawy - Politechnika Poznańska _vnr 421 |
|
| 015 | _aPB 19263/2008 | ||
| 020 | _a9788371433757 | ||
| 040 | _cBPK | ||
| 041 | 0 |
_apol _beng _bger |
|
| 044 | _aPOL | ||
| 080 | _a629.58.01-519 | ||
| 920 | _a978-83-7143-375-7 | ||
| 942 | _cKS | ||
| 008 | 090409s2008 pl a |000 0 pol | ||
| 999 |
_c56190 _d56190 |
||
| 856 |
_uhttp://koha.tu.koszalin.pl/cgi-bin/koha/opac-detail.pl?biblionumber=56190 _yKatalog online BPK |
||